00657nam a2200193Ia 4500999001700000082001600017100002200033100002400055100004100079245003300120260002700153300000800180700004400188700003900232700003800271700003700309942001100346952010600357 c58573d58570 aR/5BS(CS)12 aHaneef ur Rehman  aRoll No. 10BS(CS)12 aSupervisor - Mr. Asghar Ali Chandio  0aExport System in Education.  aNawabshahbQUESTc2014 a66p aShahabuddin Ahmed (Roll No. 10BS(CS)19) aNaveed Ahmed (Roll No. 10BS(CS)15) aKhuda Nazar (Roll No. 10BS(CS)18) aNadeem Ali (Roll No. 10BS(CS)33) cTHESIS 00104070aRESEARCHbRESEARCHd2018-04-25l0oR/5BS(CS)12pBSCSP/11-107r2018-04-25 00:00:00yTHESIS